Horticultura práctica 2 /
La horticultura práctica consiste en el cultivo y cuidado de vegetales, frutas y flores. En un segundo nivel, se enfoca en mejorar las técnicas de siembra, el control de plagas de forma natural y la planificación de cosechas para todo el año.
Guardado en:
| Autor Principal: | |
|---|---|
| Formato: | Libro |
| Idioma: | Undetermined |
| Publicado: |
Buenos Aires :
Editorial Blume S.A,
1983.
|
| Edición: | 1era ed. |
| Materias: | |
| Etiquetas: |
Agregar Etiqueta
Sin Etiquetas, Sea el primero en etiquetar este registro!
|
| LEADER | 01040nam a22002175a 4500 | ||
|---|---|---|---|
| 001 | CEM.cems025248 | ||
| 008 | 260701s1983####ag#a##########000#0#und#d | ||
| 005 | 20260701075938.0 | ||
| 245 | 1 | 0 | |a Horticultura práctica 2 / |c Dick Raymond. |
| 250 | |a 1era ed. | ||
| 260 | |a Buenos Aires : |b Editorial Blume S.A, |c 1983. | ||
| 300 | |a 195 p. : |b il. ; |c 20 cm. | ||
| 520 | |a La horticultura práctica consiste en el cultivo y cuidado de vegetales, frutas y flores. En un segundo nivel, se enfoca en mejorar las técnicas de siembra, el control de plagas de forma natural y la planificación de cosechas para todo el año. | ||
| 505 | 0 | |a Sistema de cultivos en bancales -- Preparación del terreno -- Planteles dentro de casa -- Las malas hierbas -- El cuidado del huerto -- Abonos verdes -- La despensa de hortalizas -- Guía de cultivos -- | |
| 020 | |a 8470315471 | ||
| 100 | 1 | |a Raymond, Dick, |d 1983. | |
| 082 | 0 | 4 | |a 635 |
| 653 | |a Horticultura | ||
| 653 | |a Cultivos | ||
| 653 | |a Hortalizas | ||
| 859 | |a CEMS |b BIB. CEMS - Agricultura |h 635 |i R213 |p A3034.18 |t Ej.1 | ||
